|
|
|
|
| LEADER |
00643nam a2200193 a 4500 |
| 001 |
000651197 |
| 003 |
CZ BrMZK |
| 005 |
20030212105119.0 |
| 008 |
030205s1970 xr f cze d |
| 040 |
|
|
|a BOA001
|b cze
|c BOA001
|
| 080 |
|
|
|a 675.05
|2 MRF
|
| 100 |
1 |
|
|a Bulla, Vladimír,
|d 1928-
|7 jn19981000362
|4 aut
|
| 245 |
1 |
0 |
|a Technologie obrábění usňových a neusňových materiálů /
|c Vladimír Bulla
|
| 260 |
|
|
|a Plzeň :
|b [Škoda,
|c 1970]
|
| 300 |
|
|
|a 76 s.
|
| 504 |
|
|
|a Bibliografie na s. 74
|
| 910 |
|
|
|a BOA001
|b TK-A-0151.647
|
| 990 |
|
|
|a BK
|
| 996 |
7 |
|
|b 2629946891
|c TK-A-0151.647
|l MZK
|r Sklad / do 24 hodin
|n 0
|w 000651197
|u 000010
|a 1
|e BOA001
|j MZK50
|s A
|